| 000 | 01040nam0a22002891 4500 | ||
|---|---|---|---|
| 001 | rc\3961291 | ||
| 005 | 20250611040141.0 | ||
| 021 |
_aRU _b[56-48390] |
||
| 035 | _a(NLR Aleph) 008050309 | ||
| 090 |
_a8937406 _c8937406 |
||
| 100 | _a20130415d1956 |||y0rusy50 ca | ||
| 101 | 0 | _arus | |
| 102 | _aRU | ||
| 105 | _aa z ||||| | ||
| 200 | 1 | _aУничтожайте вредителей на посевах льна | |
| 210 |
_a[Москва _cГл. упр. с.-х. науки М-ва сельского хозяйства РСФСР _d1956] |
||
| 215 |
_a1 л., слож. в 8 с. _cил. _d22 |
||
| 300 | _aАвт. указаны в вып. дан. | ||
| 606 |
_aНасекомые вредные _xИстребление _2psbo |
||
| 606 |
_aЛен _xБолезни и вредители _2psbo |
||
| 700 | 1 |
_aЗаринг _bП.В. _gПетр Вольдемарович |
|
| 701 | 1 |
_aСтраховская _bЕ.А. |
|
| 801 | 0 |
_aRU _bNLR _gpsbo |
|
| 801 | 1 |
_aRU _bELAR _2rusmarc |
|
| 852 |
_aNLR _jС70 Г-6/275 |
||
| 942 | _cBOOK | ||
| 980 | _aNB | ||